| 000 | 00327nam a22001337a 4500 | ||
|---|---|---|---|
| 008 | 230704b xxu||||| |||| 00| 0 eng d | ||
| 082 |
_a340.05 _bBAK |
||
| 100 | _cP.V baker | ||
| 245 |
_aThe Law quarterly Review _bvolume 102 |
||
| 260 |
_bSweet & maxwell _c1986 |
||
| 300 | _avarious panging | ||
| 440 | _v102 | ||
| 942 |
_2ddc _cBK |
||
| 999 |
_c3628 _d3628 |
||